Normal view
MARC view
- M. Harris Ghaus
Entry Personal Name
001 - CONTROL NUMBER
- control field: 92319
003 - CONTROL NUMBER IDENTIFIER
- control field: NUST
005 - DATE AND TIME OF LATEST TRANSACTION
- control field: 20220703101804.0
008 - FIXED-LENGTH DATA ELEMENTS
- fixed length control field: 220703|| aca||aabn | a|a d
040 ## - CATALOGING SOURCE
- Original cataloging agency: NUST
- Transcribing agency: NUST
100 ## - HEADING--PERSONAL NAME
- Personal name: M. Harris Ghaus
670 ## - SOURCE DATA FOUND
- Source citation: Work cat.: (NUST)9148: M. Harris Ghaus, Simulation of Adaptive OFDM [Project BICSE2], 2008.
